000 00386 a2200145 4500
999 _c4239
_d4239
020 _a0582070197
050 _aPE1128HAL1992
100 _aHalliweil, Susan
245 _aTeaching english in the primary classroom /
_cSusan Halliweil
264 _aHarlow
_bLongman
_c1992
300 _a169p.
500 _aIncludes index
650 _aEnglish--- teaching
942 _2lcc
_cBK
_h1128
_iHAL
_kPE